000 00464nam a2200193Ia 4500
003 OSt
005 20250918120540.0
008 250729s2005 xx 000 0 und d
020 _a9788171416776
040 _cAL
041 _aeng
082 _a370 RAOS
100 _aRao Digumurthi
_9222691
245 _aSucessful schooling
260 _aNew Delhi
_bDiscovery Publishing House
_c2005
300 _a210p
650 _aEducation
_9222692
942 _2ddc
_cBED
999 _c235570
_d235570